Football -Les clubs champions de L2 - Statistiques

Statistiques générales
  • Ce quiz a été pris 418 fois
  • Le résultat moyen est 30 sur 41
Statistiques - réponses
clubs Nbre Titre années % Correct
Lens 4 1937, 1949, 1973, 2009
93%
Marseille 1 1995
93%
Bordeaux 1 1992
91%
FC Toulouse 2 1982, 2003
91%
Lyon 3 1951, 1954, 1989
91%
Toulouse FC (1937) 1 1953
91%
Metz 4 1935, 2007, 2014, 2019
89%
Paris S.G. 1 1971
89%
RC Paris 1 1986
89%
Strasbourg 3 1977, 1988, 2017
89%
Lille OSC 4 1964, 1974, 1978, 2000
88%
Lorient 1 2020
86%
Nice 4 1948, 1965, 1970, 1994
86%
Brest 1 1981
84%
Monaco 1 2013
84%
Rennes 2 1956, 1983
84%
Saint-étienne 3 1963, 1999, 2004
83%
Le Havre 5 1938, 1959, 1985, 1991, 2008
81%
Montpellier 3 1946, 1961, 1987
81%
Reims 2 1966, 2018
81%
Sochaux 2 1947, 2001
81%
Auxerre 1 1980
79%
Nancy 5 1975, 1990, 1998, 2005, 2016
79%
Troyes 1 2015
79%
Angers 2 1969, 1976
77%
AC Ajaccio 2 1967, 2002
76%
Bastia 2 1968, 2012
76%
Nîmes 1 1950
76%
Caen 2 1996, 2010
72%
Grenoble 2 1960, 1962
68%
Evian Thonon Gaillard 1 2011
64%
Sedan 1 1955
64%
Valenciennes 2 1972, 2006
63%
Red Star 2 1934, 1939
55%
Rouen 1 1936
51%
Tours 1 1984
48%
Châteauroux 1 1997
47%
Gueugnon 1 1979
27%
Martigues 1 1993
26%
Alès 1 1957
15%
Stade Français 1 1952
12%
Aucun quiz correspondant
Distribution des résultats
% des personnes avec chaque résultat
Percentile par nombre de réponses
Votre historique - résultats
Vous n’avez pas pris ce quiz